| 000 | 01145nam a2200265Ia 4500 | ||
|---|---|---|---|
| 003 | OSt | ||
| 005 | 20220923210949.0 | ||
| 006 | a|||||r|||| 00| 0 | ||
| 007 | ta | ||
| 008 | 220922b |||||||| |||| 00| 0 hin d | ||
| 020 | _a8126007982 (hb) | ||
| 024 | _a230,915 | ||
| 037 | _cTextual | ||
| 040 |
_aARTS _cARTS _bhin |
||
| 041 |
_2hin _ahin |
||
| 082 | _aO11195,1:g, 152P4 | ||
| 100 |
_aनारंग, गोपीचन्द; देवेश, अनु. _9156592 |
||
| 245 | 0 | _aसंरचनावाद उत्तर - संरचनावाद एंव प्राच्य काव्यशास्त्र | |
| 246 | _aSanrachanāvād uttar - sanrachanāvād eanva prāchya kāvyashāstra | ||
| 260 |
_aनई दिल्ली _b साहित्य अकादमी _c2004 |
||
| 300 |
_a456पृ. _ccm. |
||
| 490 | _aसाहित्य अकादमी द्वारा पुरस्कृत समालोचना ग्रंथ | ||
| 942 |
_hO11195,1:g, 152P4 _cTEXL _2CC |
||
| 999 |
_c293221 _d293221 |
||